| 000 | 01015cam a2200253 4500 | ||
|---|---|---|---|
| 001 | ABS64083 | ||
| 008 | 000000n2001 000 0 eng u | ||
| 035 | _a(Sirsi) u113228 | ||
| 100 | _aBrewer, G. | ||
| 245 | _aNovation | ||
| 260 | _c2001 | ||
| 490 |
_aContract Journal _v409(6330) 6 June 2001, 21(1) |
||
| 520 | _aConsiders novation in design and build contracts as investigated in "Blyth & Blyth v Carillion Construction". Warns that the wording commonly used in such agreements may not allow the contractor to recover losses occurring from failings on the part of the consultant before the novation. | ||
| 590 | _aABS | ||
| 650 | _aBLYTH AND BLYTH V CARILLION CONSTRUCTION LTD | ||
| 650 | _aBUILT ENVIRONMENT-BUILDING CONTRACT FORMS | ||
| 650 | _aBUILT ENVIRONMENT-BUILDING CONTRACT FORMS | ||
| 650 | _aCONTRACTORS LIABILITY | ||
| 650 | _aDESIGN AND BUILD CONTRACTS | ||
| 650 | _aNOVATION | ||
| 650 | _aNOVATION DESIGN AND BUILD | ||
| 690 | _aBUILDING AND CONSTRUCTION-CASE LAW | ||
| 942 | _n0 | ||
| 999 |
_c67437 _d67437 |
||